Raul Passement

Romanos IV Diogenes’ Macaroni Grill


Categories

Science - Astronomy02002090109.5001
Science - Other Science021015110125.0000
Science - Chemistry010010130130.0001
Science - Earth Science010110134134.0000
Social Science010110146146.0000
Science - Biology022010114120.5000
Fine Arts - Other Fine Arts010110140140.0000
Science - Physics02305110126.0012

Buzzes

Science - Physicsrogue waves-546
Science - Physicsfour-momentum-550
Science - Other Scienceregister allocation-569
Science - Physicspions-583
Science - Astronomyreionization1090
Science - Physicsdouble pendulums10110
Science - Other ScienceÉmile Borel10110
Science - Biologysecretion10114
Science - Biologythree10127
Science - Chemistryenolates0127